000 01322cam a22002651i 4500
003 SA-RiAUC
005 20250609093728.0
008 250609s1995 ||| g 000 0 ara c
040 _aEG-CaDAJ
_bara
_cSA-RiAUC
_erda
082 0 4 _a214.69
090 _a214.69
_bا ب ن ر
100 1 _aابن الرامي، محمد بن إبراهيم اللخمي،
_dتوفي 734 هجري
_eمؤلف.
245 1 2 _aالإعلان بأحكام البنيان /
_cابن الرامي البناء ؛ إشراف صالح بن فوزان بن عبد الله الفوزان ؛ دارسة وتحقيق عبد الرحمن بن صالح الأطرم.
250 _aالطبعة الأولى.
264 1 _a[مكان النشر غير محدد] :
_bمركز الدراسات والإعلام :
_bدار إشبيليا،
_c1995
300 _a2 مجلد
336 _aنص
_btxt
_2rdacontent
_3كتاب
337 _aبدون وسيط
_bn
_2rdamedia
338 _aمجلد
_bnc
_2rdacarrier
650 7 _aالبناء (فقه إسلامي)
_2aucsh
700 1 _aالفوزان، صالح بن فوزان بن عبد الله،
_d1354 هجري-
_eمشرف.
700 1 _aالأطرم، عبد الرحمن بن صالح بن عبد الرحمن،
_d1379 هجري-
_eمحقق.
942 _2ddc
_cBOOK
949 _aSA-JeALM
_d250609
_ukhaled123
_n1
999 _c8750
_d8750